Województwa według najwyższego szczytu - Statystyki

Ogólne statystyki
  • Ten quiz został rozwiązany 64 razy
  • Średni wynik to 11 z 16
Statystyki odpowiedzi
Najwyższy szczyt/punkt Województwo Wysokość n.p.m. % Poprawnych
Śnieżka dolnośląskie 1603
100%
Rysy małopolskie 2499
100%
Tarnica podkarpackie 1346
94%
Góra Pięciu Kopców śląskie 1543
94%
Łysica świętokrzyskie 612
90%
Biskupia Kopa opolskie 891
86%
Wieżyca pomorskie 329
69%
Altana mazowieckie 408
65%
Góra Kamieńska łódzkie 406
63%
Krągły Goraj lubelskie 389
61%
Dylewska Góra warmińsko-mazurskie 312
55%
Kobyla Góra wielkopolskie 284
53%
Góra Krajoznawców zachodniopomorskie 248
49%
Gołębia lubuskie 227
47%
Rowelska Góra podlaskie 298
45%
Czarna Góra kujawsko-pomorskie 189
43%
Nie znaleziono quizów pasujących do podanych kryteriów
Rozkład punktacji
Procent ludzi z każdym wynikiem
Percentyl według liczby udzielonych odpowiedzi
Twoja historia wyników
Nie rozwiązałeś tego quizu